<?xml version="1.0" encoding="UTF-8"?><marc:collection xmlns:marc="http://www.loc.gov/MARC21/slim">
  <marc:record>
    <marc:leader>00000nam  2200000za 4500</marc:leader>
    <marc:controlfield tag="001">9.562403</marc:controlfield>
    <marc:controlfield tag="003">CaOODSP</marc:controlfield>
    <marc:controlfield tag="005">20230517112323</marc:controlfield>
    <marc:controlfield tag="007">cr |||||||||||</marc:controlfield>
    <marc:controlfield tag="008">150406s2004    onc|||||o    f|0| 0 eng d</marc:controlfield>
    <marc:datafield tag="040" ind1=" " ind2=" ">
      <marc:subfield code="a">CaOODSP</marc:subfield>
      <marc:subfield code="b">eng</marc:subfield>
    </marc:datafield>
    <marc:datafield tag="043" ind1=" " ind2=" ">
      <marc:subfield code="a">n-cn---</marc:subfield>
    </marc:datafield>
    <marc:datafield tag="086" ind1="1" ind2=" ">
      <marc:subfield code="a">Fs97-4/2705E-PDF</marc:subfield>
    </marc:datafield>
    <marc:datafield tag="100" ind1="1" ind2=" ">
      <marc:subfield code="a">Cudmore, Becky C., </marc:subfield>
      <marc:subfield code="d">1972- </marc:subfield>
      <marc:subfield code="e">author.</marc:subfield>
    </marc:datafield>
    <marc:datafield tag="245" ind1="1" ind2="0">
      <marc:subfield code="a">Biological synopsis of grass carp (Ctenopharyngodon idella) </marc:subfield>
      <marc:subfield code="h">[electronic resource] / </marc:subfield>
      <marc:subfield code="c">by Becky Cudmore and Nicholas E. Mandrak. </marc:subfield>
    </marc:datafield>
    <marc:datafield tag="260" ind1=" " ind2=" ">
      <marc:subfield code="a">Burlington, Ontario : </marc:subfield>
      <marc:subfield code="b">Fisheries and Oceans Canada, </marc:subfield>
      <marc:subfield code="c">2004.</marc:subfield>
    </marc:datafield>
    <marc:datafield tag="300" ind1=" " ind2=" ">
      <marc:subfield code="a">52 p.</marc:subfield>
      <marc:subfield code="b">maps, graphs, tables, photographs.</marc:subfield>
    </marc:datafield>
    <marc:datafield tag="490" ind1="1" ind2=" ">
      <marc:subfield code="a">Canadian manuscript report of fisheries and aquatic sciences, </marc:subfield>
      <marc:subfield code="x">1488-5387 ; </marc:subfield>
      <marc:subfield code="v">2705</marc:subfield>
    </marc:datafield>
    <marc:datafield tag="500" ind1=" " ind2=" ">
      <marc:subfield code="a">"November 2004."</marc:subfield>
    </marc:datafield>
    <marc:datafield tag="504" ind1=" " ind2=" ">
      <marc:subfield code="a">Includes bibliographic references.</marc:subfield>
    </marc:datafield>
    <marc:datafield tag="520" ind1=" " ind2=" ">
      <marc:subfield code="a">Grass carp (Ctenopharyngodon idella) has the potential to cause great ecologicalharm in Canadian waters. Fisheries and Oceans Canada is conducting a qualitative andquantitative risk analysis to determine the ecological risk that this species poses inCanada. To undertake the risk analysis, it was necessary to develop a biological synopsisfor the species. This synopsis summarized information on the species’ description,distribution, biology and natural history, use by humans and impacts. Grass carp is alarge member of the carp and minnow family (Cyprinidae) and is native to southeasternRussia and northwestern China. This herbivorous species has been deliberatelyintroduced into many countries for vegetation control purposes. In the United States,escapes from aquaculture facilities have led to the establishment of grass carp in thewild. In Canada, grass carp escaped from an aquaculture facility in Alberta and wereintentionally released for vegetation control in Saskatchewan. Only a few individualshave been found in the Great Lakes, presumably bought from the live fish food marketsand released. As a result of altering habitat and competing with other herbivorousspecies, grass carp can impact water quality, aquatic flora and fauna, and wildlife species.</marc:subfield>
    </marc:datafield>
    <marc:datafield tag="530" ind1=" " ind2=" ">
      <marc:subfield code="a">Issued also in printed form.</marc:subfield>
    </marc:datafield>
    <marc:datafield tag="690" ind1="0" ind2="7">
      <marc:subfield code="a">Freshwater fish</marc:subfield>
      <marc:subfield code="2">gcpds</marc:subfield>
    </marc:datafield>
    <marc:datafield tag="690" ind1="0" ind2="7">
      <marc:subfield code="a">Marine biology</marc:subfield>
      <marc:subfield code="2">gcpds</marc:subfield>
    </marc:datafield>
    <marc:datafield tag="710" ind1="1" ind2=" ">
      <marc:subfield code="a">Canada. </marc:subfield>
      <marc:subfield code="b">Department of Fisheries and Oceans, </marc:subfield>
      <marc:subfield code="e">issuing body.</marc:subfield>
    </marc:datafield>
    <marc:datafield tag="710" ind1="2" ind2=" ">
      <marc:subfield code="a">Great Lakes Laboratory for Fisheries and Aquatic Sciences, </marc:subfield>
      <marc:subfield code="e">issuing body.</marc:subfield>
    </marc:datafield>
    <marc:datafield tag="776" ind1="0" ind2="#">
      <marc:subfield code="t">Biological synopsis of grass carp (Ctenopharyngodon idella) / </marc:subfield>
      <marc:subfield code="w">(CaOODSP)9.617356</marc:subfield>
    </marc:datafield>
    <marc:datafield tag="794" ind1=" " ind2=" ">
      <marc:subfield code="t">Updated (2003–2015) biological synopsis of grass carp (Ctenopharyngodon idella) </marc:subfield>
      <marc:subfield code="w">(CaOODSP)9.832257</marc:subfield>
    </marc:datafield>
    <marc:datafield tag="830" ind1="#" ind2="0">
      <marc:subfield code="a">Canadian manuscript report of fisheries and aquatic sciences,</marc:subfield>
      <marc:subfield code="x">1488-5387 ; </marc:subfield>
      <marc:subfield code="v">2705</marc:subfield>
      <marc:subfield code="w">(CaOODSP)9.505211</marc:subfield>
    </marc:datafield>
    <marc:datafield tag="856" ind1="4" ind2="0">
      <marc:subfield code="q">PDF</marc:subfield>
      <marc:subfield code="s">994 KB</marc:subfield>
      <marc:subfield code="u">https://publications.gc.ca/collections/collection_2007/dfo-mpo/Fs97-4-2705E.pdf</marc:subfield>
    </marc:datafield>
  </marc:record>
</marc:collection>
